[Event "GER-chT Federal Cup (Women)"]
[Site "Braunfels"]
[Date "2010.06.04"]
[Round "3"]
[White "Metzler, Janett"]
[Black "Dittrich, Jacqueline"]
[Result "0-1"]
[WhiteElo "1118"]
[BlackElo "1731"]
[PlyCount "20"]
[EventDate "2010.06.03"]
[EventType "team-swiss"]
[EventRounds "5"]
[EventCountry "GER"]
[SourceTitle "CBM 136 Extra"]
[Source "ChessBase"]
[SourceDate "2010.07.02"]
[SourceVersion "2"]
[SourceVersionDate "2010.07.15"]
[SourceQuality "1"]

1. e4 e6 2. Nf3 d5 3. e5 c5 4. d4 Qb6 5. b3 Nc6 6. Bb2 Bd7 7. Na3 cxd4 8. Nxd4 Nxd4 9. c4 Qa5+ 10. Bc3 Qxc3+ 0-1

[Event "GER-chT Federal Cup (Women)"]
[Site "Braunfels"]
[Date "2010.06.04"]
[Round "2"]
[White "Schoen, Heike"]
[Black "Dittrich, Jacqueline"]
[Result "1-0"]
[WhiteElo "1696"]
[BlackElo "1731"]
[PlyCount "39"]
[EventDate "2010.06.03"]
[EventType "team-swiss"]
[EventRounds "5"]
[EventCountry "GER"]
[SourceTitle "CBM 136 Extra"]
[Source "ChessBase"]
[SourceDate "2010.07.02"]
[SourceVersion "2"]
[SourceVersionDate "2010.07.15"]
[SourceQuality "1"]

1. d4 d5 2. c4 Nc6 3. Nf3 Bg4 4. e3 e5 5. dxe5 d4 6. exd4 Bb4+ 7. Bd2 Nxd4 8. Qa4+ c6 9. Bxb4 b5 10. cxb5 Bxf3 11. Bc3 Qg5 12. gxf3 Rd8 13. Bxd4 Qf4 14. bxc6 Rxd4 15. c7+ Ke7 16. Qxd4 Qxd4 17. c8Q Qxe5+ 18. Be2 Qxb2 19. Qc5+ Kf6 20. Qd6+ 1-0

[Event "Baden-ch U16/18 Girls"]
[Site "Karlsruhe"]
[Date "2007.01.03"]
[Round "4"]
[White "Dittrich, Jacqueline"]
[Black "Steinbach, Nina"]
[Result "1-0"]
[WhiteElo "1616"]
[BlackElo "1236"]
[PlyCount "75"]
[EventDate "2007.01.02"]
[EventType "tourn"]
[EventRounds "7"]
[EventCountry "GER"]
[SourceTitle "EXT 2008"]
[Source "ChessBase"]
[SourceDate "2007.11.25"]
[SourceVersion "1"]
[SourceVersionDate "2007.11.25"]
[SourceQuality "1"]

1. Nc3 e5 2. Nf3 Nc6 3. d4 exd4 4. Nxd4 Bb4 5. Qd3 Nf6 6. Bd2 d6 7. 0-0-0 Bd7 8. Bg5 Bxc3 9. bxc3 h6 10. Bh4 Qe7 11. Nf5 Bxf5 12. Qxf5 Qe5 13. Qxe5+ Nxe5 14. Bxf6 gxf6 15. e3 a6 16. Be2 Rg8 17. g3 0-0-0 18. Rd4 Kb8 19. Rf4 Nd7 20. Bg4 Rg6 21. Bf5 Rg7 22. Bxd7 Rxd7 23. Rxf6 Rg6 24. Rf4 Rg5 25. Rd1 c5 26. c4 Kc7 27. Rd5 Rg7 28. Rh4 Rh7 29. Rdh5 b5 30. cxb5 axb5 31. Rxh6 Rxh6 32. Rxh6 b4 33. Rh8 c4 34. h4 Rd8 35. Rxd8 Kxd8 36. Kb2 d5 37. c3 bxc3+ 38. Kxc3 1-0

[Event "GER-ch U16 Girls"]
[Site "Willingen"]
[Date "2006.06.07"]
[Round "7"]
[White "Voss, Janine"]
[Black "Dittrich, Jacqueline"]
[Result "1/2-1/2"]
[WhiteElo "1628"]
[BlackElo "1589"]
[PlyCount "52"]
[EventDate "2006.06.03"]
[EventType "swiss"]
[EventRounds "9"]
[EventCountry "GER"]
[SourceTitle "EXT 2007"]
[Source "ChessBase"]
[SourceDate "2006.11.23"]
[SourceVersion "1"]
[SourceVersionDate "2006.11.23"]
[SourceQuality "1"]

1. e4 e5 2. Nf3 Nc6 3. d4 exd4 4. Nxd4 Bc5 5. Be3 Qf6 6. c3 Nge7 7. Bc4 Ne5 8. Bb3 0-0 9. 0-0 d6 10. Nd2 Qg6 11. f3 Kh8 12. Qe2 f5 13. Kh1 f4 14. Bg1 Qh5 15. Nb5 c6 16. Bxc5 dxc5 17. Nc7 Rb8 18. Nc4 Bd7 19. Rad1 Rfd8 20. Rd6 Nf7 21. Rfd1 Nxd6 22. Nxd6 Rf8 23. Nf7+ Rxf7 24. Bxf7 Qxf7 25. Rxd7 Qxa2 26. h3 Ng6 1/2-1/2

[Event "Stuttgart-chB int"]
[Site "Ditzingen"]
[Date "2006.05.28"]
[Round "7"]
[White "Dittrich, Jacqueline"]
[Black "Scheunemann, Uwe"]
[Result "1/2-1/2"]
[WhiteElo "1589"]
[BlackElo "1384"]
[PlyCount "37"]
[EventDate "2006.05.25"]
[EventType "swiss"]
[EventRounds "7"]
[EventCountry "GER"]
[SourceTitle "EXT 2018"]
[Source "ChessBase"]
[SourceDate "2017.10.13"]
[SourceVersion "1"]
[SourceVersionDate "2017.10.13"]
[SourceQuality "1"]

1. d4 c6 2. Nf3 d5 3. e3 Nf6 4. Bd3 g6 5. 0-0 Bg7 6. Nbd2 0-0 7. Re1 Nbd7 8. c3 Qc7 9. e4 dxe4 10. Nxe4 Nxe4 11. Bxe4 Nf6 12. h3 Nxe4 13. Rxe4 Be6 14. Bf4 Qb6 15. Qd2 Rfe8 16. Bh6 Bd5 17. Rh4 Bh8 18. Ne5 Qd8 19. f4 1/2-1/2

[Event "Stuttgart-chB int"]
[Site "Ditzingen"]
[Date "2006.05.26"]
[Round "3"]
[White "Dittrich, Jacqueline"]
[Black "Bujtas, Oliver"]
[Result "0-1"]
[WhiteElo "1589"]
[BlackElo "1811"]
[PlyCount "166"]
[EventDate "2006.05.25"]
[EventType "swiss"]
[EventRounds "7"]
[EventCountry "GER"]
[SourceTitle "EXT 2018"]
[Source "ChessBase"]
[SourceDate "2017.10.13"]
[SourceVersion "1"]
[SourceVersionDate "2017.10.13"]
[SourceQuality "1"]

1. Nc3 e6 2. e4 d5 3. d4 Bb4 4. a3 Bxc3+ 5. bxc3 Ne7 6. Qg4 0-0 7. e5 f5 8. Qg3 c5 9. h4 Nbc6 10. Ne2 Qb6 11. Bh6 Rf7 12. dxc5 Qc7 13. Be3 Qxe5 14. Qxe5 Nxe5 15. Nd4 Ng4 16. Bd2 e5 17. Nb3 Be6 18. Rb1 Nc6 19. Bb5 Rc8 20. Bxc6 Rxc6 21. Na5 Rcc7 22. Ke2 Bc8 23. Nb3 f4 24. Rb2 Nf6 25. Re1 Ne4 26. f3 Nxc5 27. Kf2 Na4 28. Ra2 Rf5 29. Nc1 Nxc3 30. Bxc3 Rxc3 31. Nd3 Bd7 32. Rxe5 Rxe5 33. Nxe5 Bf5 34. Rb2 b6 35. Rb5 Rxc2+ 36. Kg1 Rc5 37. Rb4 d4 38. Ng4 Bxg4 39. fxg4 d3 40. Rd4 Rc3 41. a4 Rc1+ 42. Kf2 Rc2+ 43. Kf3 d2 44. Kxf4 Kf7 45. Ke3 Ke6 46. Ke2 d1Q+ 47. Kxd1 Rxg2 48. Kc1 Ke5 49. Rb4 Rf2 50. a5 bxa5 51. Rb5+ Kf4 52. Rxa5 Kxg4 53. Rxa7 Kxh4 54. Rxg7 h5 55. Kd1 Kh3 56. Ke1 Rf4 57. Rh7 h4 58. Rg7 Kh2 59. Ke2 h3 60. Rh7 Kg2 61. Rg7+ Kh1 62. Rh7 h2 63. Rg7 Rf8 64. Rg6 Rf5 65. Rg7 Ra5 66. Kf2 Ra2+ 67. Kf1 Ra1+ 68. Kf2 Rg1 69. Rb7 Rc1 70. Rg7 Rc2+ 71. Kf1 Rc8 72. Kf2 Rf8+ 73. Ke2 Rf6 74. Rg8 Rc6 75. Kf2 Rc1 76. Rg7 Rg1 77. Rb7 Rg2+ 78. Kf1 Rg4 79. Kf2 Rf4+ 80. Kg3 Rf1 81. Kh3 Rf3+ 82. Kg4 Kg2 83. Rh7 Rf8 0-1

[Event "Stuttgart-chB int"]
[Site "Ditzingen"]
[Date "2006.05.25"]
[Round "2"]
[White "Follmer, Helmuth"]
[Black "Dittrich, Jacqueline"]
[Result "1/2-1/2"]
[WhiteElo "1824"]
[BlackElo "1589"]
[PlyCount "72"]
[EventDate "2006.05.25"]
[EventType "swiss"]
[EventRounds "7"]
[EventCountry "GER"]
[SourceTitle "EXT 2018"]
[Source "ChessBase"]
[SourceDate "2017.10.13"]
[SourceVersion "1"]
[SourceVersionDate "2017.10.13"]
[SourceQuality "1"]

1. e4 e6 2. d4 d5 3. e5 c5 4. c3 Nc6 5. Nf3 Qb6 6. b3 Bd7 7. Be3 cxd4 8. Bxd4 Nxd4 9. Nxd4 Ne7 10. Nd2 Qc7 11. N4f3 Qxc3 12. Rc1 Qa5 13. Rc2 Nc6 14. Be2 Be7 15. 0-0 0-0 16. Nb1 Nb4 17. Qd2 Rac8 18. Rfc1 Rxc2 19. Rxc2 Rc8 20. Rxc8+ Bxc8 21. a3 Nc6 22. b4 Qb6 23. Qc3 Bd8 24. Nbd2 Qc7 25. Nb3 Ne7 26. Qe3 b6 27. Nbd4 a5 28. bxa5 bxa5 29. g4 Qc5 30. h4 Nc6 31. Nxc6 Qxc6 32. h5 Bb6 33. Qf4 Qc5 34. Ng5 Qe7 35. a4 Bd7 36. Bd3 h6 1/2-1/2

[Event "Baden ch-U14/20 Girls"]
[Site "Karlsruhe"]
[Date "2006.01.03"]
[Round "2.1"]
[White "Asal, Stephanie"]
[Black "Dittrich, Jacqueline"]
[Result "1/2-1/2"]
[WhiteElo "1370"]
[BlackElo "1607"]
[PlyCount "53"]
[EventDate "2006.01.02"]
[EventType "swiss"]
[EventRounds "7"]
[EventCountry "GER"]
[SourceTitle "EXT 2007"]
[Source "ChessBase"]
[SourceDate "2006.11.23"]
[SourceVersion "1"]
[SourceVersionDate "2006.11.23"]
[SourceQuality "1"]

1. c4 Nf6 2. g3 g6 3. Bg2 Bg7 4. Nc3 Nc6 5. e3 Rb8 6. d4 e5 7. Nge2 0-0 8. 0-0 Re8 9. a3 d6 10. b4 exd4 11. exd4 a6 12. h3 Bd7 13. Be3 Qc8 14. Kh2 Ne7 15. Nf4 Nf5 16. Qd2 Bc6 17. Nfd5 Nxd5 18. Nxd5 Ne7 19. Nxe7+ Rxe7 20. Rae1 Bxg2 21. Kxg2 Qd7 22. Bg5 Ree8 23. d5 Qa4 24. Qa2 Rxe1 25. Rxe1 Re8 26. Rxe8+ Qxe8 27. Qc2 1/2-1/2

[Event "Baden ch-U14/20 Girls"]
[Site "Karlsruhe"]
[Date "2006.01.03"]
[Round "3.2"]
[White "Dittrich, Jacqueline"]
[Black "Kohm, Vanessa"]
[Result "1/2-1/2"]
[WhiteElo "1607"]
[BlackElo "1548"]
[PlyCount "100"]
[EventDate "2006.01.02"]
[EventType "swiss"]
[EventRounds "7"]
[EventCountry "GER"]
[SourceTitle "EXT 2007"]
[Source "ChessBase"]
[SourceDate "2006.11.23"]
[SourceVersion "1"]
[SourceVersionDate "2006.11.23"]
[SourceQuality "1"]

1. Nc3 d5 2. e4 c6 3. d4 g6 4. Nf3 Bg7 5. Be3 Qb6 6. Rb1 Qa5 7. Qd2 dxe4 8. Nxe4 Qxa2 9. Nc3 Qa5 10. Bc4 Nf6 11. 0-0 Bf5 12. Bd3 Bxd3 13. Qxd3 Qc7 14. Rfe1 e6 15. Bg5 0-0 16. Qd2 Nbd7 17. Qf4 Qxf4 18. Bxf4 Nd5 19. Nxd5 cxd5 20. c3 a5 21. Ra1 Ra6 22. Ra2 b5 23. Rea1 Rfa8 24. Ne1 Bf8 25. Nd3 f6 26. Kf1 Kf7 27. Ke2 g5 28. Bd2 Bd6 29. h3 h5 30. b3 e5 31. dxe5 Nxe5 32. Nxe5+ Bxe5 33. Kd3 Ke6 34. Rb1 Rc6 35. Rba1 Bc7 36. Re1+ Kd6 37. Bc1 Bb6 38. Rae2 a4 39. bxa4 bxa4 40. Re6+ Kd7 41. Rxc6 Kxc6 42. Re6+ Kb7 43. Kc2 a3 44. Kb1 a2+ 45. Ka1 Bxf2 46. Rxf6 Be1 47. Bb2 Rc8 48. Rf7+ Kb6 49. Rf6+ Kb5 50. Rf5 Kc4 1/2-1/2

[Event "GER-ch U16 Girls"]
[Site "Willingen"]
[Date "2005.05.21"]
[Round "9"]
[White "Winter, Hannah"]
[Black "Dittrich, Jacqueline"]
[Result "1/2-1/2"]
[WhiteElo "1386"]
[BlackElo "1648"]
[PlyCount "92"]
[EventDate "2005.05.14"]
[EventType "swiss"]
[EventRounds "9"]
[EventCountry "GER"]
[SourceTitle "CBM 106 Extra"]
[Source "ChessBase"]
[SourceDate "2005.07.01"]
[SourceVersion "1"]
[SourceVersionDate "2005.07.01"]
[SourceQuality "1"]

1. e4 e6 2. d4 d5 3. Nd2 Nf6 4. e5 Nfd7 5. Ngf3 c5 6. c3 Nc6 7. Bb5 cxd4 8. cxd4 Qb6 9. Bxc6 bxc6 10. 0-0 c5 11. dxc5 Bxc5 12. Nb3 Ba6 13. Nxc5 Nxc5 14. Re1 Nd3 15. Re3 Nxb2 16. Bxb2 Qxb2 17. Rb3 Qe2 18. Qxe2 Bxe2 19. Nd4 Bc4 20. Rb7 0-0 21. a3 Rfb8 22. Rxb8+ Rxb8 23. f4 Rb6 24. g3 f6 25. h4 Kf7 26. Kf2 Bb5 27. Rb1 Bd7 28. Rxb6 axb6 29. Ke3 f5 30. Kf2 Ke7 31. Ke2 h6 32. Ke3 Kf7 33. Kf2 Kg6 34. Ke3 Kh5 35. Kf3 g5 36. hxg5 hxg5 37. fxg5 Kxg5 38. Ne2 Bb5 39. Nd4 Bd7 40. Ne2 Be8 41. Nd4 Bf7 42. a4 Bh5+ 43. Kf2 Bf7 44. Kf3 Kg6 45. Ke3 Kh5 46. Kf4 Kg6 1/2-1/2

[Event "GER-ch U16 Girls"]
[Site "Willingen"]
[Date "2005.05.19"]
[Round "8"]
[White "Dittrich, Jacqueline"]
[Black "Leinenbach, Janine"]
[Result "0-1"]
[WhiteElo "1648"]
[BlackElo "1466"]
[PlyCount "68"]
[EventDate "2005.05.14"]
[EventType "swiss"]
[EventRounds "9"]
[EventCountry "GER"]
[SourceTitle "CBM 106 Extra"]
[Source "ChessBase"]
[SourceDate "2005.07.01"]
[SourceVersion "1"]
[SourceVersionDate "2005.07.01"]
[SourceQuality "1"]

1. e4 d6 2. d4 Nf6 3. Nc3 g6 4. Bg5 Nfd7 5. Qd2 h6 6. Bh4 Bg7 7. f4 c6 8. 0-0-0 b5 9. e5 Qc7 10. Re1 dxe5 11. fxe5 g5 12. Bg3 e6 13. h4 g4 14. h5 Bf8 15. Qf2 Qa5 16. Re4 Rg8 17. Rf4 Rg7 18. Be2 b4 19. Nb1 Ba6 20. Rxg4 Rxg4 21. Bxg4 Qxa2 22. Be2 Nb6 23. Bxa6 Nxa6 24. c3 Nd5 25. Ne2 bxc3 26. Nexc3 Nxc3 27. Nxc3 Qa1+ 28. Nb1 Nb4 29. Qf3 Rb8 30. Kd2 Qxb2+ 31. Ke3 Nd5+ 32. Ke4 Qc2+ 33. Qd3 Rb3 34. Qxc2 Re3# 0-1

[Event "GER-ch U16 Girls"]
[Site "Willingen"]
[Date "2005.05.17"]
[Round "5"]
[White "Laake, Jasmin Maria"]
[Black "Dittrich, Jacqueline"]
[Result "1/2-1/2"]
[WhiteElo "1941"]
[BlackElo "1648"]
[PlyCount "55"]
[EventDate "2005.05.14"]
[EventType "swiss"]
[EventRounds "9"]
[EventCountry "GER"]
[SourceTitle "CBM 106 Extra"]
[Source "ChessBase"]
[SourceDate "2005.07.01"]
[SourceVersion "1"]
[SourceVersionDate "2005.07.01"]
[SourceQuality "1"]

1. e4 e6 2. d4 d5 3. Nd2 dxe4 4. Nxe4 Nd7 5. Nf3 Ngf6 6. Bg5 Be7 7. Bxf6 Bxf6 8. Bd3 0-0 9. 0-0 b6 10. c3 Bb7 11. Re1 Rc8 12. Qc2 h6 13. Rad1 Qe7 14. Bc4 Rfd8 15. d5 Nf8 16. dxe6 Nxe6 17. Bxe6 Rxd1 18. Nxf6+ Qxf6 19. Bxf7+ Qxf7 20. Qxd1 Qxa2 21. b3 Rf8 22. Re7 Bxf3 23. gxf3 c5 24. Qd5+ Kh8 25. Kg2 Qa3 26. Qe5 Rg8 27. Re6 Kh7 28. Qe4+ 1/2-1/2

[Event "GER-ch U16 Girls"]
[Site "Willingen"]
[Date "2005.05.15"]
[Round "2"]
[White "Dittrich, Jacqueline"]
[Black "Dobrusina, Anna"]
[Result "1-0"]
[WhiteElo "1648"]
[BlackElo "1528"]
[PlyCount "199"]
[EventDate "2005.05.14"]
[EventType "swiss"]
[EventRounds "9"]
[EventCountry "GER"]
[SourceTitle "CBM 106 Extra"]
[Source "ChessBase"]
[SourceDate "2005.07.01"]
[SourceVersion "1"]
[SourceVersionDate "2005.07.01"]
[SourceQuality "1"]

1. Nc3 c5 2. e4 Nc6 3. Nf3 g6 4. Bc4 Bg7 5. 0-0 e5 6. d3 Nge7 7. Be3 d6 8. h3 0-0 9. Bg5 Kh8 10. Bxe7 Nxe7 11. Qd2 f5 12. Kh2 f4 13. Ne2 h6 14. c3 g5 15. d4 g4 16. Nfg1 h5 17. dxc5 dxc5 18. Rad1 Qb6 19. Qd6 Qxd6 20. Rxd6 h4 21. hxg4 Bxg4 22. f3 Bh5 23. Rfd1 Ng8 24. Nh3 Bf6 25. Rd7 Rad8 26. Nf2 Rxd7 27. Rxd7 Rb8 28. Bd5 Bg7 29. Rxb7 Rxb7 30. Bxb7 Nf6 31. Kh3 Bf7 32. b3 Ne8 33. Kxh4 Be6 34. Ng4 Kh7 35. c4 Nf6 36. Bd5 Bd7 37. Bb7 Nxg4 38. fxg4 Bf6+ 39. Kh3 Kh6 40. Ng1 a5 41. Nf3 Kg7 42. g3 fxg3 43. Kxg3 Kf8 44. Ne1 Ke7 45. Nd3 Kd6 46. Bd5 a4 47. bxa4 Bxa4 48. Nb2 Bc2 49. a4 Kc7 50. Kf3 Bg5 51. Ke2 Bc1 52. Nd3 Bxd3+ 53. Kxd3 Kb6 54. Ke2 Ka5 55. Bc6 Bg5 56. Kf3 Kb6 57. Bb5 Ka5 58. Ke2 Bf4 59. g5 Bxg5 60. Kf3 Kb4 61. Kg4 Bd8 62. Kf5 Bc7 63. Ke6 Kc3 64. Kd5 Kd3 65. a5 Bxa5 66. Kxe5 Bc7+ 67. Kd5 Ke3 68. e5 Kf4 69. e6 Bd8 70. Kd6 Kf5 71. e7 Bxe7+ 72. Kxe7 Ke5 73. Kd7 Ke4 74. Kd6 Kd4 75. Ba6 Ke4 76. Kxc5 Ke5 77. Kc6 Ke6 78. c5 Ke7 79. Kc7 Ke8 80. c6 Ke7 81. Kb7 Kd6 82. c7 Kd5 83. c8R Kd4 84. Kb6 Kd5 85. Bb7+ Kd4 86. Kb5 Ke5 87. Rd8 Ke6 88. Rd5 Ke7 89. Kc6 Ke6 90. Bc8+ Kf6 91. Kd6 Kf7 92. Re5 Kf6 93. Re1 Kf7 94. Ba6 Kf8 95. Re7 Kg8 96. Ke6 Kf8 97. Ra7 Kg8 98. Kf6 Kh8 99. Kg6 Kg8 100. Ra8# 1-0

[Event "Halle-chT (Women)"]
[Site "Halle"]
[Date "2005.04.15"]
[Round "2.8"]
[White "Dittrich, Jacqueline"]
[Black "Funk, Natalie"]
[Result "0-1"]
[WhiteElo "1599"]
[BlackElo "1907"]
[PlyCount "68"]
[EventDate "2005.04.14"]
[EventType "team"]
[EventRounds "5"]
[EventCountry "GER"]
[SourceTitle "CBM 105 Extra"]
[Source "ChessBase"]
[SourceDate "2005.05.01"]
[SourceVersion "1"]
[SourceVersionDate "2005.05.01"]
[SourceQuality "1"]

1. Nc3 d5 2. e4 d4 3. Nce2 e5 4. Nf3 Nc6 5. Ng3 Be6 6. Bb5 Qd6 7. d3 Qb4+ 8. c3 Qxb5 9. cxd4 Nxd4 10. Nxd4 exd4 11. 0-0 Nf6 12. b3 0-0-0 13. Bf4 g5 14. Bd2 h6 15. Qc2 Ng4 16. f4 gxf4 17. Bxf4 Bd6 18. Bxd6 Rxd6 19. Nf5 Qe5 20. g3 Ne3 21. Nxd6+ Qxd6 22. Qf2 Nxf1 23. Rxf1 Qe5 24. Qf4 Qxf4 25. Rxf4 c5 26. Kg2 Kd7 27. h3 b5 28. e5 Kc6 29. Kf2 Kd5 30. Ke2 Kxe5 31. h4 c4 32. bxc4 bxc4 33. dxc4 Bxc4+ 34. Kd2 Bxa2 0-1

[Event "Halle-chT (Women)"]
[Site "Halle"]
[Date "2005.04.14"]
[Round "1.8"]
[White "Jacob, Christiane"]
[Black "Dittrich, Jacqueline"]
[Result "1-0"]
[WhiteElo "1680"]
[BlackElo "1599"]
[PlyCount "95"]
[EventDate "2005.04.14"]
[EventType "team"]
[EventRounds "5"]
[EventCountry "GER"]
[SourceTitle "CBM 105 Extra"]
[Source "ChessBase"]
[SourceDate "2005.05.01"]
[SourceVersion "1"]
[SourceVersionDate "2005.05.01"]
[SourceQuality "1"]

1. d4 d5 2. c4 e6 3. Nc3 Nf6 4. Nf3 c6 5. Bf4 Bd6 6. Bxd6 Qxd6 7. e3 Nbd7 8. Rc1 0-0 9. Bd3 Re8 10. h3 e5 11. dxe5 Nxe5 12. Nxe5 Rxe5 13. 0-0 Rg5 14. f4 Rh5 15. cxd5 cxd5 16. Be2 Rh6 17. Nb5 Qb6 18. Rf3 Bf5 19. Nd4 Be4 20. Rf2 Qxb2 21. Bd3 Qa3 22. Rfc2 Nd7 23. Nb3 Qe7 24. Rc7 Rd6 25. Nd4 Bxg2 26. Nf5 Qe6 27. Kxg2 Rb6 28. Qd2 Nf8 29. Qc3 d4 30. Qxd4 Qf6 31. Ne7+ Kh8 32. Qxf6 gxf6 33. Nd5 Rb2+ 34. R1c2 Rxc2+ 35. Bxc2 Kg7 36. Bb3 Ne6 37. Rxb7 Nc5 38. Rc7 Nxb3 39. axb3 Rb8 40. b4 Ra8 41. Rc6 Rb8 42. Ra6 Rb5 43. e4 f5 44. Kf3 fxe4+ 45. Kxe4 Rb7 46. Kd4 f6 47. Kc5 Kg6 48. Rxf6+ 1-0

[Event "GER-chT Lands U20"]
[Site "Bad Sulza"]
[Date "2004.11.19"]
[Round "7.7"]
[White "Lange, Jan David"]
[Black "Dittrich, Jacqueline"]
[Result "1-0"]
[WhiteElo "2021"]
[BlackElo "1612"]
[PlyCount "77"]
[EventDate "2004.11.15"]
[EventType "team-swiss"]
[EventRounds "7"]
[EventCountry "GER"]
[SourceTitle "EXT 2006"]
[Source "ChessBase"]
[SourceDate "2005.11.24"]
[SourceVersion "1"]
[SourceVersionDate "2005.11.24"]
[SourceQuality "1"]

1. e4 d5 2. exd5 Qxd5 3. Nc3 Qa5 4. d4 Nf6 5. Bc4 c6 6. Nge2 Bf5 7. Bf4 e6 8. 0-0 Qd8 9. Ng3 Bg6 10. Re1 Be7 11. Qd2 0-0 12. Rad1 Re8 13. a3 Nbd7 14. Be2 Nb6 15. Bf3 Nfd5 16. Nxd5 cxd5 17. c3 Bd6 18. Bxd6 Qxd6 19. Bh5 Nc4 20. Qc1 Qb6 21. Bxg6 hxg6 22. Re2 Rac8 23. Rd3 Rc6 24. Nf1 Qb5 25. Rf3 Nxa3 26. Qf4 f6 27. Qd2 Nc4 28. Qc2 Kf7 29. Rg3 g5 30. h4 Rb6 31. h5 Nxb2 32. Qg6+ Kf8 33. h6 gxh6 34. Qxf6+ Kg8 35. Qxh6 Kf7 36. Qxg5 e5 37. Qg7+ Ke6 38. Rxe5+ Kd6 39. Rg6+ 1-0

[Event "GER-ch U14 Girls"]
[Site "Willingen"]
[Date "2004.05.30"]
[Round "3"]
[White "Hofmann, Christine"]
[Black "Dittrich, Jacqueline"]
[Result "1/2-1/2"]
[WhiteElo "1607"]
[BlackElo "1518"]
[PlyCount "83"]
[EventDate "2004.06.??"]
[EventType "swiss"]
[EventRounds "9"]
[EventCountry "GER"]
[SourceTitle "EXT 2005"]
[Source "ChessBase"]
[SourceDate "2004.11.15"]
[SourceVersion "1"]
[SourceVersionDate "2004.11.15"]
[SourceQuality "1"]

1. e4 Nf6 2. e5 Nd5 3. c4 Nb6 4. c5 Nd5 5. Bc4 e6 6. d4 b6 7. Bxd5 exd5 8. cxb6 axb6 9. Nc3 c6 10. Nge2 d6 11. f4 dxe5 12. fxe5 f6 13. Bf4 Be7 14. 0-0 0-0 15. Qd3 fxe5 16. Bxe5 Bf6 17. Qg3 Nd7 18. Bc7 Qe8 19. Rae1 Ba6 20. Bd6 Rf7 21. Rf4 Nf8 22. Bxf8 Qxf8 23. h4 Bxe2 24. Rxe2 Be5 25. Rxf7 Bxg3 26. Rxf8+ Kxf8 27. h5 Kf7 28. Re3 Bh4 29. a3 Bf6 30. Ne2 Ra4 31. Rc3 Rxd4 32. Rxc6 Rd1+ 33. Kf2 Bxb2 34. Rxb6 Bxa3 35. Rb7+ Kf6 36. Rb6+ Kg5 37. Rb7 Kxh5 38. Rxg7 Kh6 39. Rd7 Bc5+ 40. Kf3 d4 41. Ke4 Rd2 42. Nf4 1/2-1/2

[Event "BL2 Gr1 0304 (Women)"]
[Site "Germany"]
[Date "2003.10.25"]
[Round "1.5"]
[White "Dittrich, Jacqueline"]
[Black "Undeutsch, Bettina"]
[Result "1-0"]
[WhiteElo "1546"]
[BlackElo "1384"]
[PlyCount "83"]
[EventDate "2003.10.25"]
[EventType "team-tourn"]
[EventRounds "7"]
[EventCountry "GER"]
[SourceTitle "EXT 2006"]
[Source "ChessBase"]
[SourceDate "2005.11.24"]
[SourceVersion "1"]
[SourceVersionDate "2005.11.24"]
[SourceQuality "1"]
[WhiteTeam "Walldorf (W)"]
[BlackTeam "Hofheim (W)"]
[WhiteTeamCountry "GER"]
[BlackTeamCountry "GER"]

1. Nc3 e6 2. e4 d5 3. exd5 exd5 4. d4 Nf6 5. Nf3 Bb4 6. Bd2 0-0 7. Be2 Re8 8. 0-0 Nbd7 9. a3 Ba5 10. Nxd5 Bxd2 11. Nxf6+ Nxf6 12. Qxd2 b6 13. Rfe1 Bb7 14. Rad1 Ne4 15. Qf4 Nd6 16. Bd3 Qd7 17. Qh4 Nf5 18. Qg4 Bxf3 19. gxf3 g6 20. Bxf5 Qxf5 21. Qxf5 gxf5 22. Re3 f6 23. Rde1 Kf7 24. Rxe8 Rxe8 25. Rxe8 Kxe8 26. Kg2 Kf7 27. Kg3 Ke6 28. Kf4 c6 29. c4 a6 30. a4 h6 31. d5+ cxd5 32. cxd5+ Kxd5 33. Kxf5 Kc4 34. Kxf6 Kb3 35. Ke5 b5 36. axb5 axb5 37. f4 Kxb2 38. f5 b4 39. f6 b3 40. f7 Kc2 41. f8Q b2 42. Qxh6 1-0

[Event "GER-ch U14 Girls"]
[Site "Willingen"]
[Date "2003.06.14"]
[Round "9"]
[White "Saak, Sarah"]
[Black "Dittrich, Jacqueline"]
[Result "1/2-1/2"]
[WhiteElo "1611"]
[BlackElo "1473"]
[PlyCount "85"]
[EventDate "2003.06.08"]
[EventType "swiss"]
[EventRounds "9"]
[EventCountry "GER"]
[SourceTitle "CBM 094 Extra"]
[Source "ChessBase"]
[SourceDate "2003.07.09"]
[SourceVersion "2"]
[SourceVersionDate "2003.07.09"]
[SourceQuality "1"]

1. e4 Nf6 2. e5 Nd5 3. d4 d6 4. exd6 cxd6 5. Nf3 Nb6 6. g3 g6 7. Bg2 Bg7 8. 0-0 0-0 9. Na3 Nc6 10. c3 e5 11. Be3 Nd5 12. Nc2 Nxe3 13. fxe3 Qb6 14. Rb1 Bg4 15. Qe1 Be6 16. b3 exd4 17. exd4 Bf5 18. Qd2 Rfe8 19. Rbe1 Qa6 20. d5 Ne7 21. Nfd4 Bxc2 22. Qxc2 Bxd4+ 23. cxd4 Rac8 24. Qf2 f5 25. Re6 Qd3 26. Rfe1 Kf7 27. Qe3 Qxe3+ 28. R1xe3 Rcd8 29. Rc3 Rc8 30. Rxc8 Nxc8 31. Rxe8 Kxe8 32. Kf2 Kf7 33. Ke3 Kf6 34. h4 h6 35. Bf3 g5 36. Bg2 gxh4 37. gxh4 Ne7 38. Kf4 Nc8 39. a3 Nb6 40. a4 a6 41. Bf3 Kg6 42. Ke3 Nd7 43. Kf4 1/2-1/2

[Event "GER-ch U14 Girls"]
[Site "Willingen"]
[Date "2003.06.13"]
[Round "8"]
[White "Dittrich, Jacqueline"]
[Black "Goergen, Barbara"]
[Result "1/2-1/2"]
[WhiteElo "1473"]
[BlackElo "1526"]
[PlyCount "63"]
[EventDate "2003.06.08"]
[EventType "swiss"]
[EventRounds "9"]
[EventCountry "GER"]
[SourceTitle "CBM 094 Extra"]
[Source "ChessBase"]
[SourceDate "2003.07.09"]
[SourceVersion "2"]
[SourceVersionDate "2003.07.09"]
[SourceQuality "1"]

1. e4 c6 2. d4 d5 3. Nc3 dxe4 4. Nxe4 Bf5 5. Ng3 Bg6 6. h4 h6 7. Nf3 Nd7 8. h5 Bh7 9. Bd3 Bxd3 10. Qxd3 e6 11. Bf4 Ngf6 12. 0-0-0 Nd5 13. Bd2 Qc7 14. c4 N5b6 15. Ba5 Qf4+ 16. Bd2 Qc7 17. Kb1 a5 18. Rhe1 Be7 19. Bc3 Nf6 20. Nd2 Na4 21. Nde4 Nxc3+ 22. Nxc3 0-0-0 23. Nce4 Kb8 24. Qe3 Rc8 25. Rd3 Rhd8 26. Red1 Rd7 27. Nxf6 Bxf6 28. Ne4 Be7 29. d5 cxd5 30. cxd5 Rxd5 31. Rxd5 exd5 32. Nc3 1/2-1/2

[Event "GER-ch U14 Girls"]
[Site "Willingen"]
[Date "2003.06.10"]
[Round "4"]
[White "Dittrich, Jacqueline"]
[Black "Benzen, Marthe"]
[Result "1/2-1/2"]
[WhiteElo "1473"]
[BlackElo "1405"]
[PlyCount "71"]
[EventDate "2003.06.08"]
[EventType "swiss"]
[EventRounds "9"]
[EventCountry "GER"]
[SourceTitle "CBM 094 Extra"]
[Source "ChessBase"]
[SourceDate "2003.07.09"]
[SourceVersion "2"]
[SourceVersionDate "2003.07.09"]
[SourceQuality "1"]

1. e4 e5 2. Nf3 Nc6 3. Nc3 Bc5 4. Bb5 Nge7 5. Bxc6 Nxc6 6. d3 d6 7. h3 Ne7 8. d4 exd4 9. Nxd4 d5 10. exd5 Bb4 11. Bd2 Bxc3 12. Bxc3 Nxd5 13. Qe2+ Ne7 14. 0-0-0 Qd5 15. Qb5+ Bd7 16. Qxd5 Nxd5 17. Rhe1+ Kf8 18. Ne2 Nxc3 19. Nxc3 Bc6 20. f3 Re8 21. Rxe8+ Kxe8 22. Nd5 Bxd5 23. Rxd5 Ke7 24. Kd2 Ke6 25. Rd4 f5 26. Ke3 Re8 27. Kf4 h6 28. g4 g5+ 29. Kg3 f4+ 30. Kf2 c5 31. Re4+ Kd7 32. Rxe8 Kxe8 33. Ke2 Kd7 34. Kd3 b5 35. Ke4 Ke6 36. b3 1/2-1/2